000 00304nam a22001337a 4500
020 _a978-81-8388-613-0
082 _a494
_bSPI/H
100 _aSPIDER BOOKS
245 _aHINDI ALPHABET
_bLEARN TO WRITE
260 _aCHENNAI
_bSPIDER BOOKS
300 _a48
650 _aHINDI LEARNING
_zINDIA
942 _cBK
999 _c2276
_d2276